LEADER 03042nam 2200745 450 001 9910784666603321 005 20230519213017.0 010 $a0-19-771185-5 010 $a1-280-48212-5 010 $a1-4237-6123-5 010 $a0-19-534869-9 010 $a1-60256-747-6 035 $a(CKB)1000000000363059 035 $a(EBL)279487 035 $a(OCoLC)191038553 035 $a(SSID)ssj0000113820 035 $a(PQKBManifestationID)11984136 035 $a(PQKBTitleCode)TC0000113820 035 $a(PQKBWorkID)10101517 035 $a(PQKB)10404801 035 $a(SSID)ssj0001142940 035 $a(PQKBManifestationID)12493027 035 $a(PQKBTitleCode)TC0001142940 035 $a(PQKBWorkID)11116638 035 $a(PQKB)11089415 035 $a(Au-PeEL)EBL4701367 035 $a(CaPaEBR)ebr11273142 035 $a(OCoLC)960165481 035 $a(MiAaPQ)EBC4701367 035 $a(EXLCZ)991000000000363059 100 $a20161011h20032003 uy 0 101 0 $aeng 135 $aur|n|---||||| 181 $ctxt$2rdacontent 182 $cc$2rdamedia 183 $acr$2rdacarrier 200 14$aThe book of the year $ea brief history of our seasonal holidays /$fAnthony F. Aveni 210 1$aOxford :$cOxford University Press,$d2003. 210 4$dİ2003 215 $a1 online resource (xiv, 192 pages, 16 unnumbered pages of plates) $cillustrations 300 $aDescription based upon print version of record. 311 0 $a0-19-517154-3 311 0 $a0-19-515024-4 320 $aIncludes bibliographical references and index. 327 $aContents; Acknowledgments; Preface; 1 Creating, Organizing, and Transforming the Holidays; 2 Happy New Year! But Why Now?; 3 February's Holidays: Prediction, Purification, and Passionate Pursuit; 4 Spring Equinox: Watching the Serpent Descend; 5 The Easter/Passover Season: Connecting Time's Broken Circle; 6 May Day: A Collision of Forces; 7 Summer's Solstice: Feasts of Fire, Water, and Feminine Affairs of the Heart; 8 Labor Day: Remembering the Great Time Wars; 9 Halloween: Dead Time; 10 Thanksgiving: Transcending Pilgrims' Progress; 11 Christmas: From Resurrection to Rudolph; "What Goes Around . . ."Notes; References; Index 330 $aAn engaging, entertaining reference to modern holidays explains the origins of Santa Claus, the Easter Bunny, witches, and St. Valentine's Day as it discusses holiday traditions, celebrations, customs, and more. 606 $aHolidays$xHistory 606 $aRites and ceremonies 606 $aArchaeoastronomy 606 $aBiological rhythms 606 $aChronobiology 615 0$aHolidays$xHistory. 615 0$aRites and ceremonies. 615 0$aArchaeoastronomy. 615 0$aBiological rhythms. 615 0$aChronobiology. 676 $a394.26 700 $aAveni$b Anthony F$0248302 801 0$bMiAaPQ 801 1$bMiAaPQ 801 2$bMiAaPQ 906 $aBOOK 912 $a9910784666603321 996 $aThe book of the year$93729862 997 $aUNINA LEADER 03737nam 2200697 a 450 001 9910829827003321 005 20210209181447.0 010 $a3-527-64385-0 010 $a1-283-14076-4 010 $a9786613140760 010 $a3-527-63485-1 010 $a3-527-63484-3 035 $a(CKB)3400000000000405 035 $a(EBL)700959 035 $a(OCoLC)816845206 035 $a(SSID)ssj0000490890 035 $a(PQKBManifestationID)11316502 035 $a(PQKBTitleCode)TC0000490890 035 $a(PQKBWorkID)10473547 035 $a(PQKB)11558979 035 $a(MiAaPQ)EBC700959 035 $a(MiAaPQ)EBC4044269 035 $a(Au-PeEL)EBL4044269 035 $a(CaPaEBR)ebr11116201 035 $a(CaONFJC)MIL314076 035 $a(OCoLC)768164720 035 $a(PPN)163477566 035 $a(EXLCZ)993400000000000405 100 $a20120110d2010 uy 0 101 0 $aeng 135 $aur|n|---||||| 181 $ctxt 182 $cc 183 $acr 200 00$aDeciphering the universe through spectroscopy$b[electronic resource] /$fedited by Regina von Berlespch 205 $a1st ed. 210 $aWeinheim, Germany $cWiley-VCH$d2010 215 $a1 online resource (262 p.) 225 1 $aReviews in modern astronomy ;$vv. 22 300 $aDescription based upon print version of record. 311 $a3-527-41055-4 320 $aIncludes bibliographical references and index. 327 $aReviews in Modern Astronomy; Contents; Preface; Karl Schwarzschild Lecture: Dissecting galaxies with quantitative spectroscopy of the brightest stars in the Universe; Ludwig Biermann Award Lecture: Pulsations and planets: The asteroseismology-extrasolar-planet connection; Ludwig Biermann Award Lecture: Stellar archaeology: Exploring the Universe with metal-poor stars; Quantitative solar spectroscopy; Metallicity and kinematical clues To the formation of the Local Group; Probing dark matter, galaxies and the expansion history of the Universe with Lya in absorption and emission 327 $aHypervelocity stars in the Galactic haloSchwarzschild modelling of elliptical galaxies and their black holes; Star and protoplanetary disk properties in Orion's suburbs; Molecular gas at high redshift; X-ray spectroscopy and mass analysis of galaxy clusters; High-fidelity spectroscopy at the highest resolution; Spectroscopy of solar neutrinos; Open clusters and the galactic disk; VLT-CRIRES: "Good Vibrations" Rotational-vibrational molecular spectroscopy in astronomy; Index of Contributors; General Table of Contents; General Index of Contributors 330 $aThis 22nd volume in the series contains 15 invited reviews and highlight contributions from outstanding speakers presented during the 2009 annual meeting of the Astronomical Society on the subject of ""Deciphering the Universe through Spectroscopy"", held in Potsdam, Germany.Topics range from the measurements of magnetic fields on the surface of the sun via detailed measurements of abundances in stellar atmospheres to the kinematics of the universe at its largest scales. The result is a systematic overview of the latest astronomical and cosmological research. 410 0$aReviews in modern astronomy ;$v22. 410 0$aReviews in modern astronomy ;$vv. 22. 606 $aAstronomical spectroscopy 606 $aSpectrum analysis 615 0$aAstronomical spectroscopy. 615 0$aSpectrum analysis. 676 $a523.10287 676 $a600 701 $aBerlepsch$b Regina von$01636159 801 0$bMiAaPQ 801 1$bMiAaPQ 801 2$bMiAaPQ 906 $aBOOK 912 $a9910829827003321 996 $aDeciphering the universe through spectroscopy$93989321 997 $aUNINA